000 00504nam a2200181Ia 4500
008 131103s9999 xx 000 0 und d
020 _a8171784321
_cRs.120
040 _aLoreto College
041 _aEnglish
082 _a891.43/JOS
_bLCLIB/39564
100 _aJoshi,Puran Chandra
245 _aAvadharanaon Ka Sankat
_cPuran Chandra Joshi
260 _aNew Delhi
_bRajkamal Prakasan
_c1995
300 _a176 p.
_c 21 cm.
650 _aHindi Literature - Criticism
850 _aLCLIB
942 _cBK
999 _c17745
_d68224